Ecología acústica y educación : bases para el diseño de un nuevo paisaje sonoro /
Contenido: Parte I: 1) La ecología acústica en voz de alerta; 2) Contaminación acústica; 3) Ruido y legislación. -- Parte II: 4) Arte y ecología; 5) Ecoturismo-cultura. -- Parte III: 6) La escucha reducida; 7) Programas, proyectos y otros estudios; -- Parte IV: 8) Hacia una educación auditiva; 9) Pa...
Guardat en:
| Autor principal: | |
|---|---|
| Format: | Llibre |
| Idioma: | espanyol |
| Publicat: |
Barcelona, España :
Graó : Societat Catalana d'Educació Ambiental : Societat Balear d'Educació Ambiental,
2006, c2006
|
| Col·lecció: | (Monografías de Educación Ambiental ;
11) |
| Matèries: | |
| Etiquetes: |
Sense etiquetes, Sigues el primer a etiquetar aquest registre!
|
MARC
| LEADER | 00000nam^a2200000^a^4500 | ||
|---|---|---|---|
| 001 | 000297334 | ||
| 005 | 20250521000000.0 | ||
| 009 | 20260310112336.706 | ||
| 020 | |a 84-7827-442-1 | ||
| 020 | |a 978-84-7827-442-0 | ||
| 037 | |a Acervo ITESO - Biblioteca | ||
| 041 | |a ESP | ||
| 082 | |a 304. 28 |b ESP | ||
| 100 | |a Espinosa, Susana |e (autor) | ||
| 245 | 1 | 0 | |a Ecología acústica y educación : |b bases para el diseño de un nuevo paisaje sonoro / |c S. Espinosa ; presen. de Hilda Weissmann. |
| 264 | 4 | |a Barcelona, España : |b Graó : |b Societat Catalana d'Educació Ambiental : |b Societat Balear d'Educació Ambiental, |c 2006, c2006 | |
| 300 | |a 193 p. | ||
| 336 | |a texto |b txt |2 rdacontenido | ||
| 337 | |a sin mediación |b n |2 rdamedio | ||
| 338 | |a volumen |b nc |2 rdasoporte | ||
| 440 | 1 | |a (Monografías de Educación Ambiental ; |v 11) | |
| 520 | |a Contenido: Parte I: 1) La ecología acústica en voz de alerta; 2) Contaminación acústica; 3) Ruido y legislación. -- Parte II: 4) Arte y ecología; 5) Ecoturismo-cultura. -- Parte III: 6) La escucha reducida; 7) Programas, proyectos y otros estudios; -- Parte IV: 8) Hacia una educación auditiva; 9) Para oírte mejor; 10) Conclusiones. | ||
| 649 | |a XX | ||
| 650 | |a Paisaje Sonoro | ||
| 650 | |a Arte y Sociedad | ||
| 650 | |a Zonas Urbanas - |x Condiciones Sociales y Culturales | ||
| 650 | |a Ruido y Contaminación Auditiva - |x Tema Principal | ||
| 650 | |a Deterioro Ambiental | ||
| 650 | |a Contaminación Ambiental | ||
| 650 | |a Educación Ambiental - |x Tema Principal | ||
| 650 | |a Derecho Ambiental | ||
| 650 | |a Ecoturismo | ||
| 650 | |a Ecología Social | ||
| 910 | |a Fondo General | ||
| 920 | |a Impresos - Libros | ||
| 930 | |a Colección General | ||
| 905 | |a 101 | ||
| 901 | |a 0500182907 |b IT1 |c ACC |i C122450 |u 20250521 | ||
| 902 | |a https://opac.biblio.iteso.mx/vufind/Record/000297334 | ||